000 00766nab a2200241 u 4500
001 15986
003 HDC
007 cr bn ---aaaaa
008 210220c |r|noo 0 a d
040 _aHDC
245 0 _aMalacca to gazette two stadiums as protest venues
260 _aPetaling Jaya :
_bMalay Mail,
_c2012
336 _atext
_2rdacontent
337 _acomputer
_2rdamedia
338 _aonline resource
_2rdacarrier
650 _aHalal industry
_9144
650 _aHalal products
_9642
710 _aMalay Mail
856 _zRequest full-text at [email protected]
942 _2lcc
942 _cNEWS
942 _kNWSO 009004
999 _c13302
_d13302